| 000 | 00501cam a2200181ua 4500 | ||
|---|---|---|---|
| 020 |
_a81-204-0743-1 _c135.00 |
||
| 041 |
_aeng _h |
||
| 082 |
_a658.15242 _bGUR/LA |
||
| 100 | _aGurdev, Singh . | ||
| 245 |
_aLand resources management : Acase study of Goa / _cGurdev Singh. _hTextual Documents |
||
| 260 |
_aNew Delhi : _bOxford & IBH Publishing company , _c1992. |
||
| 300 | _a81 ; . | ||
| 365 | _a135.00 | ||
| 504 | _a | ||
| 700 | 1 | _aVinod, Ahuja . | |
| 942 | _cBK | ||
| 999 |
_c1648 _d1648 |
||